Documento final [del Segundo Congreso Nacional Cooperativo]

Uloženo v:
Podrobná bibliografie
Korporativní autor: Consejo Nacional de Cooperativas
Médium: Text
Vydáno: San José: CONACOOP
Tagy: Přidat tag
Žádné tagy, Buďte první, kdo vytvoří štítek k tomuto záznamu!

MARC

LEADER 00000 a a2200000 04500
001 14548
003
040
090 |a 014500  
110 |a Consejo Nacional de Cooperativas  
245 |a Documento final [del Segundo Congreso Nacional Cooperativo]  
260 |a San José:   |b CONACOOP  
300 |a 19 p  
999 |c 15429  |d 15429